Constitución política de la República de Chile.
Sábháilte in:
| Príomhchruthaitheoir: | |
|---|---|
| Rannpháirtithe: | |
| Formáid: | Anaithnid |
| Teanga: | Béarla |
| Foilsithe / Cruthaithe: |
Santiago, Chile
Thomson Reuters
2021
|
| Eagrán: | Vigésima primera edición. Edición estudiantil. |
| Ábhair: | |
| Clibeanna: |
Cuir clib leis
Níl clibeanna ann, Bí ar an gcéad duine le clib a chur leis an taifead seo!
|
MARC
| LEADER | 00000 a2200000 4500 | ||
|---|---|---|---|
| 003 | CL-VaPUC | ||
| 005 | 20240806124947.0 | ||
| 008 | 210615b ||||| |||| 00| 0 eng d | ||
| 999 | |c 433105 |d 433103 | ||
| 040 | |c Pontificia Universidad Católica de Valparaíso | ||
| 082 | |a 342.83 BRO 2021 | ||
| 100 | |a Bronfman Vargas, Alan Julio |e autor |9 814208 | ||
| 245 | |a Constitución política de la República de Chile. | ||
| 250 | |a Vigésima primera edición. Edición estudiantil. |b Actualizada al 4 de enero de 2021. | ||
| 260 | |a Santiago, Chile |b Thomson Reuters |c 2021 | ||
| 300 | |a 132 páginas | ||
| 505 | |a Anotaciones y concordancias. Títulos de artículos | ||
| 583 | |k Cristina Rojas |c 20210615 | ||
| 650 | 0 | |a Constitución política |z Chile |9 336925 | |
| 650 | 0 | |a Derecho constitucional |9 222588 | |
| 700 | |a Martínez Estay, José Ignacio |e autor |9 602023 | ||
| 942 | |2 ddc |c BK | ||
| 952 | |0 0 |1 0 |2 ddc |4 0 |6 342_830000000000000_BRO_2021 |7 0 |8 R |9 578106 |a BIBDER |b BIBDER |d 2021-06-14 |e 31 |g 0.00 |i 5584612 |l 102 |m 4 |o 342.83 BRO 2021 |p 5584612 |r 2025-04-02 |s 2025-03-31 |t 1 |v 0.00 |w 2021-06-14 |y BK_R |k DER | ||